[Event "London Classic Open 2016"]
[Site "London ENG"]
[Date "2016.12.13"]
[Round "6.69"]
[White "Mitra, Roman C"]
[Black "Cole, James"]
[Result "1/2-1/2"]
[WhiteElo "2083"]
[BlackElo "1827"]
[WhiteFideId "419540"]
[BlackFideId "431818"]
[EventDate "2016.12.09"]

1. e4 d6 2. d4 Nf6 3. Nc3 Nbd7 4. Bc4 e5 5. Nf3 Be7 6. O-O O-O 7. Bb3 c6 8. a4
b6 9. h3 a6 10. Be3 Bb7 11. Nd2 b5 12. f4 exd4 13. Bxd4 b4 14. Ne2 c5 15. Bxf6
Nxf6 16. Ng3 Qc7 17. c3 bxc3 18. bxc3 Rfe8 19. Qc2 Bf8 20. Rae1 g6 21. Qa2 Bg7
22. Re2 Re7 23. Rfe1 Rae8 24. Bc4 Bh6 25. e5 dxe5 26. fxe5 Rxe5 27. Ndf1 Rxe2
28. Rxe2 Rxe2 29. Qxe2 Qd6 30. Qa2 Bd5 31. Bxd5 Nxd5 32. Qc4 Ne3 33. Qe4 Nxf1
34. Nxf1 Qe6 35. Qxe6 fxe6 36. Kf2 Kf7 37. Kf3 Bg7 38. c4 Ke7 39. Nd2 h6 40. Ke4
Kd6 41. Nb3 Kc6 42. Kd3 Be5 43. g4 Bc7 44. Ke4 Bd6 45. Kd3 Kd7 46. Ke4 Ke7 47.
Nd2 Kf6 48. Nf3 Bc7 1/2-1/2

[Event "London Classic Open 2016"]
[Site "London ENG"]
[Date "2016.12.13"]
[Round "6.70"]
[White "Cohen, Ronnie"]
[Black "Willmoth, Robert F"]
[Result "0-1"]
[BlackTitle "CM"]
[WhiteElo "1903"]
[BlackElo "2216"]
[WhiteFideId "412082"]
[BlackFideId "402540"]
[EventDate "2016.12.09"]

1. e4 d6 2. d4 Nf6 3. Nc3 c6 4. Nf3 Bg4 5. Be2 e6 6. Be3 Be7 7. O-O d5 8. exd5
cxd5 9. h3 Bxf3 10. Bxf3 Nc6 11. Ne2 Rc8 12. c3 O-O 13. Bf4 b5 14. a3 a5 15. Qd3
b4 16. axb4 axb4 17. Ra6 bxc3 18. bxc3 Na5 19. Qb5 Nc4 20. Rfa1 h6 21. Ra7 Bd6
22. R1a6 Bxf4 23. Nxf4 Nd2 24. Qb7 Nxf3+ 25. gxf3 Ne8 26. Rc6 Rb8 27. Qe7 Rb1+
28. Kg2 Qb8 29. Nh5 Qb5 0-1

[Event "London Classic Open 2016"]
[Site "London ENG"]
[Date "2016.12.13"]
[Round "6.71"]
[White "Cordes, Hans-Joerg"]
[Black "Ditmas, Hugh"]
[Result "1/2-1/2"]
[WhiteTitle "FM"]
[WhiteElo "2259"]
[BlackElo "2018"]
[WhiteFideId "4602234"]
[BlackFideId "1270666"]
[EventDate "2016.12.09"]

1. d4 Nf6 2. Bg5 d5 3. e3 c5 4. Bxf6 gxf6 5. Nc3 Nc6 6. Qh5 e6 7. Nf3 cxd4 8.
exd4 f5 9. Bb5 Bd7 10. O-O Qf6 11. Bxc6 Bxc6 12. Ne5 Rg8 13. Rfe1 Rg7 14. Qe2
Rc8 15. Nb5 a6 16. Na7 Rc7 17. Naxc6 bxc6 18. Qxa6 Qd8 19. Re3 Bd6 20. Rc3 Bxe5
21. dxe5 Kf8 22. Rxc6 Rxc6 23. Qxc6 Qg5 24. Qc5+ Ke8 25. g3 f4 26. Qd4 Qf5 27.
Qa4+ Kf8 28. Re1 Rg4 29. Qa3+ Kg7 30. Qd3 Qh5 31. Kg2 Rg6 32. Qf3 Qf5 33. Re2
Rh6 34. Qxf4 Qh3+ 35. Kf3 Qxh2 36. Qg5+ Rg6 37. Qh4 Qg1 38. g4 Qd1 39. b3 Qc1
40. Kg3 Qg1+ 41. Kf3 Qc1 42. Qh2 Rh6 43. Qg2 Qd1 44. g5 Rh1 45. g6 hxg6 46. Ke3
d4+ 47. Kf4 Rg1 48. Qf3 Rh1 49. Kg3 Rg1+ 50. Kf4 Rh1 51. Kg3 Rg1+ 52. Kf4 1/2-1/2

[Event "London Classic Open 2016"]
[Site "London ENG"]
[Date "2016.12.13"]
[Round "6.72"]
[White "Kett, Tim"]
[Black "Lechner, Marcus"]
[Result "1-0"]
[WhiteElo "2228"]
[BlackElo "2000"]
[WhiteFideId "1801210"]
[BlackFideId "1629034"]
[EventDate "2016.12.09"]

1. e4 c5 2. Nf3 d6 3. d4 cxd4 4. Nxd4 Nf6 5. Nc3 a6 6. Bg5 Nbd7 7. Bc4 Qc7 8.
Bb3 b5 9. Qe2 Nb6 10. O-O-O e6 11. f4 Be7 12. e5 dxe5 13. fxe5 Nfd5 14. Bxe7
Nxc3 15. Qg4 Nxa2+ 16. Bxa2 Kxe7 17. Qxg7 1-0

[Event "London Classic Open 2016"]
[Site "London ENG"]
[Date "2016.12.13"]
[Round "6.73"]
[White "Zoltek, Tadeusz"]
[Black "Bin-Suhayl, Ieysaa"]
[Result "1-0"]
[WhiteTitle "FM"]
[WhiteElo "2140"]
[BlackElo "1988"]
[WhiteFideId "1101048"]
[BlackFideId "429031"]
[EventDate "2016.12.09"]

1. Nf3 Nf6 2. c4 c5 3. Nc3 Nc6 4. g3 d6 5. d4 cxd4 6. Nxd4 Bd7 7. Bg2 g6 8. O-O
Bg7 9. Nc2 h5 10. h4 O-O 11. Bg5 Ng4 12. Bd2 Qb6 13. b3 Rfc8 14. Nd5 Qd8 15. Bc3
Nge5 16. Qd2 Rab8 17. f4 Ng4 18. Bxg7 Kxg7 19. e4 b5 20. Nce3 Nxe3 21. Nxe3 Qb6
22. Kh2 b4 23. Nd5 Qc5 24. Rad1 a5 25. f5 Ne5 26. Nxe7 Ng4+ 27. Kh1 Re8 28. f6+
Nxf6 29. Rxf6 Kxf6 30. Nd5+ Kg7 31. Qg5 Re6 32. Nf4 Re5 33. Nxh5+ Kf8 34. Qh6+
Ke7 35. Nf4 Bg4 36. Nd5+ Kd8 37. Rf1 Kc8 38. Rxf7 Bd7 39. Bh3 Rxe4 40. Bxd7+ Kb7
41. Bf5+ Ka6 42. Bxe4 Qd4 43. Qe3 Qxe3 44. Nxe3 a4 45. bxa4 b3 46. axb3 g5 47.
hxg5 d5 48. Nxd5 Rd8 49. Kg2 Rh8 50. g6 Rb8 51. Bc2 Ka5 52. Ra7# 1-0

[Event "London Classic Open 2016"]
[Site "London ENG"]
[Date "2016.12.13"]
[Round "6.74"]
[White "Coote, Trevor D"]
[Black "Pollack, Oscar"]
[Result "0-1"]
[WhiteElo "2132"]
[BlackElo "1985"]
[WhiteFideId "410039"]
[BlackFideId "429414"]
[EventDate "2016.12.09"]

1. e4 e6 2. d4 d5 3. e5 c5 4. c3 Nc6 5. Nf3 Bd7 6. Be2 f6 7. O-O cxd4 8. cxd4
Nh6 9. Bxh6 gxh6 10. Nc3 Bg7 11. a3 O-O 12. Qd2 Be8 13. b4 fxe5 14. dxe5 Nxe5
15. Nxe5 Bxe5 16. f4 Qb6+ 17. Kh1 Qd4 18. Qxd4 Bxd4 19. Rf3 Rc8 20. Rc1 Kh8 21.
Na2 Bh5 22. Rd3 Bxe2 23. Rxd4 Rxc1+ 24. Nxc1 Bc4 25. g3 e5 26. Rd2 exf4 27. Ne2
Bxe2 28. Rxe2 f3 29. Rf2 Kg7 30. Kg1 h5 31. Rd2 Rf5 32. Kf2 Kf6 33. b5 Ke5 34.
Rb2 Kd4 35. b6 axb6 36. Rxb6 Rf7 37. Rh6 Kc3 38. Rxh5 d4 39. Rc5+ Kd2 40. g4 Kd3
41. Rf5 Re7 42. Rxf3+ Kc2 43. Rf5 d3 44. Rc5+ Kd1 45. h4 d2 46. g5 Rf7+ 47. Kg2
Rf4 48. h5 Ke2 0-1

[Event "London Classic Open 2016"]
[Site "London ENG"]
[Date "2016.12.13"]
[Round "6.75"]
[White "Horak, Martin"]
[Black "Edwards, Simon R"]
[Result "1-0"]
[WhiteElo "2126"]
[BlackElo "1976"]
[WhiteFideId "367095"]
[BlackFideId "406821"]
[EventDate "2016.12.09"]

1. e4 c5 2. Nf3 Nc6 3. d4 cxd4 4. Nxd4 g6 5. Be2 Bg7 6. Nb3 Nf6 7. Nc3 O-O 8.
O-O d6 9. Bg5 a6 10. f4 b5 11. Bf3 Ra7 12. Kh1 Bd7 13. Qe2 h6 14. Bh4 Nh7 15.
Bf2 Ra8 16. e5 dxe5 17. Rad1 Qc8 18. Nd5 e4 19. Qxe4 Bf5 20. Nxe7+ Nxe7 21. Qxe7
Bxc2 22. Rc1 Bxb2 23. Bxa8 Bxc1 24. Rxc1 Re8 25. Rxc2 1-0

[Event "London Classic Open 2016"]
[Site "London ENG"]
[Date "2016.12.13"]
[Round "6.76"]
[White "Suder, Ryszard"]
[Black "Nettleton, Charlie B"]
[Result "1/2-1/2"]
[WhiteElo "2123"]
[BlackElo "1963"]
[WhiteFideId "1102699"]
[BlackFideId "419710"]
[EventDate "2016.12.09"]

1. Nf3 f5 2. d4 Nf6 3. g3 e6 4. Bg2 Be7 5. O-O O-O 6. c4 d6 7. Nc3 a5 8. Qc2 Nc6
9. a3 e5 10. d5 Nb8 11. e4 Qe8 12. exf5 Qh5 13. Ng5 Ng4 14. h4 Bxg5 15. Bxg5 h6
16. Bd2 Bxf5 17. Be4 Bxe4 18. Qxe4 Nd7 19. f3 Ngf6 20. Qe2 Nc5 21. Be3 Qg6 22.
Qg2 Nb3 23. Rad1 Rf7 24. Ne4 Raf8 25. g4 Nxe4 26. fxe4 Rxf1+ 27. Rxf1 Rxf1+ 28.
Kxf1 Qf7+ 29. Qf2 Nd4 30. Qxf7+ Kxf7 31. Kf2 a4 32. Bd2 c5 33. Ke3 b6 34. Bc3
Kg6 35. Be1 h5 36. g5 Kf7 37. Bc3 g6 38. Be1 Ke7 39. Bf2 Kd7 40. Kd3 Kc7 41. Kc3
Nb3 42. Be3 Kb7 43. Kd3 Ka6 44. Bf2 b5 45. Be1 Nd4 46. Kc3 Nf3 47. Bf2 bxc4 48.
Kxc4 Nd2+ 49. Kd3 Nb3 50. Kc4 Na5+ 51. Kd3 Kb5 52. Be1 Nb3 53. Bc3 Nd4 54. Be1
Nf3 55. Bf2 Nh2 56. Kc3 Ng4 57. Bg1 1/2-1/2

[Event "London Classic Open 2016"]
[Site "London ENG"]
[Date "2016.12.13"]
[Round "6.77"]
[White "Grassie, Duncan"]
[Black "French, Max"]
[Result "0-1"]
[WhiteElo "2100"]
[BlackElo "1962"]
[WhiteFideId "411787"]
[BlackFideId "426652"]
[EventDate "2016.12.09"]

1. d4 Nf6 2. Bg5 c5 3. Bxf6 gxf6 4. d5 Qb6 5. Qc1 f5 6. c3 Bg7 7. g3 d6 8. Nh3
Nd7 9. Nf4 h5 10. Nd2 Ne5 11. h4 Bd7 12. a4 Rc8 13. Qc2 c4 14. Bg2 Ng4 15. O-O
Be5 16. e4 fxe4 17. Nxe4 Bxf4 18. gxf4 f6 19. a5 Qb5 20. Rfe1 Kf7 21. Re2 Rce8
22. Ng3 e5 23. Be4 Rhg8 24. Kh1 f5 25. fxe5 Rxe5 26. Nxf5 Bxf5 27. f3 Nh6 28.
Rae1 Bxe4 29. Rxe4 Qxd5 30. Rd1 Rxe4 31. fxe4 Qe6 32. Rf1+ Ke7 33. Rf3 Qg4 34.
Qf2 Qxe4 35. Kh2 Ng4+ 0-1

[Event "London Classic Open 2016"]
[Site "London ENG"]
[Date "2016.12.13"]
[Round "6.78"]
[White "Iyengar, Ilya"]
[Black "Bhatia, Kanwal K"]
[Result "1/2-1/2"]
[BlackTitle "WFM"]
[WhiteElo "2008"]
[BlackElo "2096"]
[WhiteFideId "405949"]
[BlackFideId "407496"]
[EventDate "2016.12.09"]

1. d4 Nf6 2. Nf3 c5 3. c4 cxd4 4. Nxd4 e5 5. Nb5 d5 6. cxd5 Bc5 7. N5c3 O-O 8.
g3 Qb6 9. e3 Bg4 10. Be2 Bh3 11. Bf3 e4 12. Nxe4 Nxe4 13. Bxe4 f5 14. Bf3 Nd7
15. Nc3 Ne5 16. Be2 Rad8 17. Bf1 Bg4 18. Be2 Qh6 19. f4 Bxe2 20. Qxe2 Ng4 21.
Bd2 Rfe8 22. O-O-O Nxe3 23. Bxe3 Bxe3+ 24. Kc2 Bxf4 25. Qd3 Be5 26. Rd2 f4 27.
Re1 Qd6 28. Rde2 fxg3 29. hxg3 Re7 30. Rh1 g6 31. Rhe1 Rdd7 32. Kb1 a6 33. Rd1
Bxc3 34. Rxe7 Qxe7 35. d6 Qe5 36. bxc3 Qb5+ 37. Qxb5 axb5 38. Rd5 Kf7 39. Rxb5
Ke6 40. Rb6 Kd5 41. a4 Kc5 42. a5 h5 43. Kc2 g5 44. Kb3 Rh7 45. d7 Rxd7 46. Rh6
Rd3 47. Rxh5 Rxg3 48. Rh6 Rf3 49. Rb6 Rf7 50. Rg6 Rf5 51. Rb6 Rf7 52. Rg6 Rf5
53. Rb6 1/2-1/2

[Event "London Classic Open 2016"]
[Site "London ENG"]
[Date "2016.12.13"]
[Round "6.79"]
[White "Stefanetti, Marco"]
[Black "McKerracher, Douglas"]
[Result "1-0"]
[WhiteElo "2093"]
[BlackElo "1962"]
[WhiteFideId "815179"]
[BlackFideId "2401002"]
[EventDate "2016.12.09"]

1. e4 d5 2. exd5 Qxd5 3. Nf3 Bg4 4. Be2 Nc6 5. d4 O-O-O 6. Be3 e5 7. c4 Qa5+ 8.
Bd2 Bb4 9. d5 Bxf3 10. Bxf3 Nd4 11. Nc3 Qa6 12. b3 f5 13. a3 Be7 14. O-O Nh6 15.
Be3 Nxf3+ 16. Qxf3 Rhf8 17. Na4 Kb8 18. Bc5 Bd6 19. Bb4 b5 20. c5 bxa4 21. cxd6
cxd6 22. Rfc1 Rc8 23. bxa4 Rxc1+ 24. Rxc1 Rc8 25. Rb1 Ka8 26. Qb3 Nf7 27. h3 Qc4
28. Qg3 g6 29. Rd1 Rb8 30. Qf3 a5 31. Bd2 Rb3 32. Be3 Qxa4 33. Qe2 Qb5 34. Qc2
Qb7 35. Rc1 Kb8 36. g3 Rb5 37. a4 Rb2 38. Qc3 Rb1 39. Rxb1 Qxb1+ 40. Kh2 Qb7 41.
Qxa5 e4 42. Bb6 Ne5 43. Qb5 Nc4 44. a5 Nxb6 45. axb6 Qc8 46. Qa4 Qb7 47. Qe8+
Qc8 48. Qe7 Qb7 49. Qxd6+ 1-0

[Event "London Classic Open 2016"]
[Site "London ENG"]
[Date "2016.12.13"]
[Round "6.80"]
[White "Vachtfeidl, Petr"]
[Black "Sucikova, Svetlana"]
[Result "1-0"]
[BlackTitle "WFM"]
[WhiteElo "1963"]
[BlackElo "2083"]
[WhiteFideId "315028"]
[BlackFideId "14923653"]
[EventDate "2016.12.09"]

1. d4 d5 2. c4 e6 3. Nc3 c6 4. e4 dxe4 5. Nxe4 Bb4+ 6. Bd2 Qxd4 7. Bxb4 Qxe4+ 8.
Be2 Nd7 9. Nf3 c5 10. Bc3 Ngf6 11. Qd6 a5 12. Nd2 Qg6 13. Bf3 Ra6 14. Qc7 O-O
15. O-O Qd3 16. Rfd1 Qd6 17. Bxa5 Qe7 18. Bc3 e5 19. Ne4 Nxe4 20. Bxe4 f5 21.
Bxb7 Bxb7 22. Rxd7 Rxa2 23. Rxa2 Qg5 24. Rxg7+ Qxg7 25. Qxg7+ Kxg7 26. Ra7 Rf7
27. Bxe5+ Kg6 28. f4 Rd7 29. Kf2 Kf7 30. Ke3 Ke7 31. Ra5 Bxg2 32. Rxc5 Be4 33.
b4 Rd3+ 34. Ke2 Rh3 35. Rc7+ Kd8 36. b5 Rxh2+ 37. Ke3 h5 38. b6 Rh3+ 39. Kd4 Rb3
40. Kc5 Rb1 41. Rh7 Bf3 42. Bd4 Kc8 43. Kd6 Rd1 44. Ke5 Re1+ 45. Kf6 Re4 46. b7+
Kb8 47. Be5+ 1-0

[Event "London Classic Open 2016"]
[Site "London ENG"]
[Date "2016.12.13"]
[Round "6.81"]
[White "Thode, Gilda"]
[Black "Vardan, Nagpal"]
[Result "1/2-1/2"]
[WhiteElo "1943"]
[BlackElo "2079"]
[WhiteFideId "1323628"]
[BlackFideId "25089544"]
[EventDate "2016.12.09"]

1. d4 d5 2. Nf3 e6 3. Bg5 Be7 4. Bxe7 Qxe7 5. Nbd2 Nf6 6. e3 O-O 7. Ne5 c5 8. c3
b6 9. a4 Nbd7 10. f4 Nxe5 11. fxe5 Nd7 12. Bd3 f6 13. Qh5 g6 14. Qh4 Qg7 15.
exf6 Rxf6 16. Nf3 c4 17. Bc2 Bb7 18. O-O Raf8 19. Rf2 e5 20. Raf1 e4 21. Ng5
Rxf2 22. Rxf2 Rxf2 23. Qxf2 Nf8 24. Qf4 Bc8 25. Qg3 a6 26. Qb8 Qe7 27. Nxh7 Qxh7
28. Qxc8 Qh6 29. Qh3 Qg5 30. Bd1 b5 31. Qg3 Qe7 32. Qf4 b4 33. Qb8 bxc3 34. bxc3
Qa3 35. Kf2 Qxc3 36. Qd8 Qb2+ 37. Be2 Qb7 38. Bg4 Qc6 39. Bd1 Kf7 40. Qa5 Qb7
41. Bg4 Nh7 42. Qc5 Nf6 43. Bc8 Qb2+ 44. Kg3 Qb8+ 45. Kh3 a5 46. g4 g5 1/2-1/2

[Event "London Classic Open 2016"]
[Site "London ENG"]
[Date "2016.12.13"]
[Round "6.82"]
[White "Waddington, Mike P"]
[Black "Skutta, Bernd"]
[Result "1/2-1/2"]
[WhiteTitle "FM"]
[WhiteElo "2078"]
[BlackElo "1942"]
[WhiteFideId "410497"]
[BlackFideId "4666950"]
[EventDate "2016.12.09"]

1. c4 e5 2. Nc3 Nf6 3. g3 Bc5 4. Bg2 O-O 5. e3 Re8 6. d3 c6 7. Nge2 a5 8. O-O d6
9. b3 Bf5 10. Bb2 Qd7 11. d4 exd4 12. Nxd4 Bg6 13. Qd2 Bb6 14. Rad1 Na6 15. Nde2
Rad8 16. Na4 Bc7 17. Bxf6 gxf6 18. Nf4 Qe7 19. Qb2 Qe5 20. Rd4 Nc5 21. Nc3 Ne6
22. Nxg6 fxg6 23. Rd2 f5 24. Rfd1 Nc5 25. Qc2 g5 26. Ne2 Ne4 27. Bxe4 Qxe4 28.
Qb2 Qe5 29. Qd4 b6 30. h4 h6 31. hxg5 hxg5 32. Kg2 d5 33. Qxe5 Rxe5 34. cxd5
Rexd5 35. Rxd5 Rxd5 36. Rxd5 cxd5 37. Nc3 f4 38. Nxd5 fxe3 39. Nxe3 Kf7 40. Kf3
Ke6 41. Ke4 b5 42. a4 bxa4 43. bxa4 Bb6 44. f3 Bc5 45. Nc4 Bb4 46. f4 gxf4 47.
gxf4 Kf6 48. f5 Be1 49. Ne3 Bd2 50. Nd5+ Kf7 51. Ke5 Be1 52. Kd6 Bf2 53. Kc6 Be1
54. Kb5 Kg7 55. Nb6 Kf6 56. Nc4 Kxf5 57. Nxa5 Ke6 58. Nc6 Kd7 59. Nb4 Kc7 60. a5
Bxb4 1/2-1/2

[Event "London Classic Open 2016"]
[Site "London ENG"]
[Date "2016.12.13"]
[Round "6.83"]
[White "Nunbhakdi, Tawin Matthew"]
[Black "Makepeace, Philip J"]
[Result "0-1"]
[WhiteElo "1923"]
[BlackElo "2077"]
[WhiteFideId "6203310"]
[BlackFideId "413550"]
[EventDate "2016.12.09"]

1. d4 d5 2. c4 e6 3. Nc3 Be7 4. Nf3 Nf6 5. Bf4 a6 6. cxd5 exd5 7. e3 Bf5 8. Qb3
b5 9. Ne5 O-O 10. Be2 c6 11. O-O a5 12. a3 a4 13. Qd1 Nfd7 14. Bd3 Bxd3 15. Nxd3
Nb6 16. Re1 f5 17. Bxb8 Rxb8 18. Ne5 Rc8 19. f4 Bd6 20. b3 Bxe5 21. dxe5 axb3
22. Qxb3 Kh8 23. Ne2 Qe8 24. Nd4 Qg6 25. Rac1 Nc4 26. a4 b4 27. Nf3 c5 28. Qd3
Qc6 29. Ng5 h6 30. Nf3 Rcd8 31. Nh4 g6 32. g4 Kh7 33. gxf5 gxf5 34. Kf2 b3 35.
Qxb3 Rb8 36. Qd3 Nb2 37. Qc2 c4 38. Nxf5 Qg6 39. Nd4 Nd3+ 40. Kf1 Rb2 0-1

[Event "London Classic Open 2016"]
[Site "London ENG"]
[Date "2016.12.13"]
[Round "6.84"]
[White "Dushyant, Sharma"]
[Black "Gudenas, Motiejus"]
[Result "0-1"]
[WhiteElo "2066"]
[BlackElo "1919"]
[WhiteFideId "25065130"]
[BlackFideId "2405229"]
[EventDate "2016.12.09"]

1. e4 e5 2. Nf3 Nc6 3. Nc3 Nf6 4. Bb5 Bd6 5. O-O O-O 6. d4 exd4 7. Nxd4 Re8 8.
Nf5 Bf8 9. Bg5 h6 10. Bxf6 Qxf6 11. Nd5 Qd8 12. Qg4 g6 13. Qg3 d6 14. Qc3 Re6
15. f4 gxf5 16. exf5 Bg7 17. Qg3 Rf6 18. Rae1 Kf8 19. Qh4 Bxf5 20. g4 Rg6 21.
Qxd8+ Rxd8 22. h3 Bd7 23. f5 Bd4+ 24. Kh1 Rg5 25. c3 Be5 26. Nxc7 h5 27. Be2
hxg4 28. hxg4 Ne7 29. Ne6+ fxe6 30. fxe6+ Ke8 31. exd7+ Kxd7 32. Bb5+ Ke6 33.
Bc4+ d5 34. Be2 Ng6 35. Rf5 Rxf5 36. gxf5+ Kxf5 37. Bd3+ Kf6 38. Bxg6 Rh8+ 39.
Kg2 Rg8 40. Kf2 Rxg6 41. Rh1 Ke6 42. Rh7 Rg7 43. Rh6+ Bf6 44. a4 Rg4 45. Rh7 Be7
46. b3 Re4 47. Rg7 a5 48. Kf3 Re1 49. Rg8 Rb1 50. Ke3 Rxb3 51. Kd2 Bf6 52. Rb8
Be5 53. Re8+ Kd6 54. Rd8+ Kc6 55. Rc8+ Bc7 56. Kc2 Ra3 57. Kb2 Rxa4 58. Kb3 Rh4
59. Ka3 b5 60. Kb3 Rh3 61. Kc2 a4 62. Kb2 a3+ 63. Kxa3 Rxc3+ 64. Kb2 Rc4 65. Kb3
d4 66. Rg8 d3 67. Rg2 Kd5 68. Rg5+ Be5 69. Rg2 Ke4 0-1

[Event "London Classic Open 2016"]
[Site "London ENG"]
[Date "2016.12.13"]
[Round "6.85"]
[White "Tirado Parra, Alberto"]
[Black "Tiwari, Ashwani"]
[Result "0-1"]
[BlackTitle "FM"]
[WhiteElo "1908"]
[BlackElo "2065"]
[WhiteFideId "2265354"]
[BlackFideId "5006961"]
[EventDate "2016.12.09"]

1. b4 d5 2. Bb2 Bg4 3. f3 Bf5 4. f4 e6 5. b5 Nf6 6. Nf3 c5 7. e3 Nbd7 8. Be2 h5
9. O-O h4 10. c4 dxc4 11. Na3 h3 12. g3 Bd3 13. Nxc4 Nb6 14. Nce5 Bxe2 15. Qxe2
Nfd7 16. Nxf7 Kxf7 17. Ng5+ Kg8 18. Nxe6 Qe7 19. f5 Rh6 20. e4 Rxe6 21. fxe6
Qxe6 22. d3 Bd6 23. Rf5 Be5 24. Raf1 Bxb2 25. Qxb2 Rf8 26. a4 Rxf5 27. Rxf5 Nxa4
28. Qa1 Nab6 29. Qxa7 Qb3 30. Qa1 Qxd3 31. Qa2+ c4 0-1

[Event "London Classic Open 2016"]
[Site "London ENG"]
[Date "2016.12.13"]
[Round "6.86"]
[White "Stanisz, Patryk"]
[Black "Chilton, James I"]
[Result "1-0"]
[WhiteElo "2064"]
[BlackElo "1740"]
[WhiteFideId "1123106"]
[BlackFideId "423009"]
[EventDate "2016.12.09"]

1. d4 Nf6 2. c4 e6 3. Nf3 b6 4. Nc3 Bb7 5. Qc2 c5 6. e4 cxd4 7. Nxd4 Bc5 8. Nb3
Bb4 9. Bd3 Nc6 10. a3 Bxc3+ 11. Qxc3 O-O 12. Bf4 d5 13. e5 Ne4 14. Qc2 f5 15.
cxd5 Qxd5 16. Bc4 Qd7 17. Rd1 Qe7 18. f3 g5 19. fxe4 gxf4 20. exf5 Nxe5 21.
Bxe6+ Nf7 22. O-O Qg5 23. Rd7 Rac8 24. Qf2 Bc6 25. Rxf7 Rxf7 26. Bxc8 Rg7 27.
Be6+ Kf8 28. Rc1 Bb7 29. Rc2 f3 30. g3 h5 31. Qd2 Qe7 32. Qh6 Qg5 33. Qxg5 Rxg5
34. Rc7 Be4 35. f6 Bg6 36. Rc8+ Be8 37. f7 1-0

[Event "London Classic Open 2016"]
[Site "London ENG"]
[Date "2016.12.13"]
[Round "6.87"]
[White "Newton, Andrew"]
[Black "Jamroz, Krzysztof"]
[Result "0-1"]
[WhiteElo "1887"]
[BlackElo "2045"]
[WhiteFideId "2403285"]
[BlackFideId "1111850"]
[EventDate "2016.12.09"]

1. d4 Nf6 2. c4 e6 3. Nc3 Bb4 4. Qc2 c5 5. dxc5 Bxc5 6. Nf3 b6 7. Bg5 Bb7 8. e4
h6 9. Bh4 Be7 10. Rd1 O-O 11. Be2 Nc6 12. h3 Nb4 13. Qb1 Nh5 14. Bxe7 Qxe7 15.
a3 Nc6 16. Qc1 d6 17. g4 Nf6 18. g5 hxg5 19. Qxg5 d5 20. Rg1 Ne8 21. cxd5 Qxg5
22. Rxg5 exd5 23. Nxd5 g6 24. Bb5 Kg7 25. Nc3 Nf6 26. Kf1 Rad8 27. Re1 a6 28.
Ba4 Na5 29. Kg1 Rd3 30. Kg2 Nh5 31. Bc2 Rdd8 32. Nd5 Bxd5 33. exd5 Nf4+ 34. Kg3
Nxd5 35. b4 Nc4 36. Bb3 b5 37. Rc1 Ndb6 38. Rc3 f5 39. a4 Nd5 40. Rc1 Ndb6 41.
Rc3 Rf6 42. a5 Nd5 43. Rc1 Rc8 44. Ne5 Nxb4 45. Bxc4 bxc4 46. Rxc4 Rxc4 47. Nxc4
Nd3 48. Kf3 Re6 49. h4 Kf6 50. Rg1 Ne1+ 51. Kg3 Re4 52. f3 Nxf3 53. Kxf3 Rxc4
54. h5 gxh5 55. Rb1 Rc6 56. Rb6 Re6 57. Kg3 Ke5 58. Kh4 Rxb6 59. axb6 Kd6 60.
Kxh5 a5 0-1

[Event "London Classic Open 2016"]
[Site "London ENG"]
[Date "2016.12.13"]
[Round "6.88"]
[White "Siddharth, Gopakumar"]
[Black "Lentzos, Ioanis"]
[Result "0-1"]
[WhiteElo "1822"]
[BlackElo "2035"]
[WhiteFideId "5053463"]
[BlackFideId "4255470"]
[EventDate "2016.12.09"]

1. e4 c6 2. d4 d5 3. exd5 cxd5 4. c4 Nf6 5. Nc3 g6 6. Qb3 Bg7 7. cxd5 O-O 8. Be2
Na6 9. Bf3 Qb6 10. Qxb6 axb6 11. Bf4 Nb4 12. Kd2 Rd8 13. Bc7 Rd7 14. d6 Bh6+ 15.
Ke2 Na6 16. Bxb6 Rxd6 17. Bc5 Nxc5 18. dxc5 Rd2+ 19. Kf1 Rxb2 20. Nge2 Ra3 21.
Rb1 Rxb1+ 22. Nxb1 Rxa2 23. Nec3 Rc2 24. g3 Bh3+ 25. Ke1 Rc1+ 26. Ke2 Rc2+ 27.
Kd3 Bf5+ 28. Kc4 Ne4 29. Bxe4 Bxe4 30. Re1 Bc6 31. Na3 Rxf2 32. Rxe7 Bf8 33. Rc7
Rf5 34. Kd3 Rxc5 35. Nc4 Be4+ 0-1

[Event "London Classic Open 2016"]
[Site "London ENG"]
[Date "2016.12.13"]
[Round "6.89"]
[White "Rogacewicz, Mikolaj"]
[Black "Millward, Kevin P"]
[Result "0-1"]
[WhiteElo "1765"]
[BlackElo "2027"]
[WhiteFideId "21842981"]
[BlackFideId "404721"]
[EventDate "2016.12.09"]

1. d4 d6 2. e4 g6 3. c4 Bg7 4. Nc3 e5 5. Nge2 Ne7 6. f3 Nd7 7. Be3 f5 8. dxe5
Nxe5 9. Nd4 O-O 10. Qd2 fxe4 11. Nxe4 Nf5 12. Nxf5 Bxf5 13. Qd5+ Kh8 14. O-O-O
Bxe4 15. fxe4 Ng4 16. Bd4 Nf2 17. Bxf2 Rxf2 18. Rd2 Bh6 19. Qd4+ Qf6 20. Qxf6+
Rxf6 21. Kc2 Bxd2 22. Kxd2 Rf2+ 23. Kc3 Raf8 24. Bd3 Rxg2 25. a4 Rff2 26. b4
Rxh2 27. Re1 Rh3 28. c5 Rff3 29. Rd1 dxc5 30. bxc5 Kg7 31. Kd4 Rxd3+ 0-1

[Event "London Classic Open 2016"]
[Site "London ENG"]
[Date "2016.12.13"]
[Round "6.90"]
[White "Riedener, Toni"]
[Black "Fernandez Aransay, Fernando"]
[Result "1-0"]
[WhiteElo "2026"]
[BlackElo "1862"]
[WhiteFideId "1302698"]
[BlackFideId "2216280"]
[EventDate "2016.12.09"]

1. d4 d5 2. c4 e6 3. Nc3 Nf6 4. cxd5 exd5 5. Bg5 Be7 6. e3 O-O 7. Bd3 b6 8. Bxf6
Bxf6 9. Qh5 g6 10. Qxd5 c6 11. Qxd8 Rxd8 12. Nge2 Bb7 13. O-O Na6 14. Rac1 Rac8
15. Rfd1 Nc7 16. h3 Ne6 17. Bc4 Kf8 18. a3 Bg7 19. b4 Ke8 20. a4 Bf8 21. Rb1 Bg7
22. a5 b5 23. Bxe6 fxe6 24. Ne4 Ke7 25. Nc5 Rc7 26. f4 Bc8 27. Rbc1 Bh6 28. Ne4
Rf8 29. Kh2 Rf7 30. N2c3 Kd7 31. g3 Bf8 32. Nc5+ Kd8 33. N3e4 Be7 34. Nd3 Bb7
35. Ne5 Rf8 36. Nc5 Bc8 37. Rc2 Ke8 38. Rdc1 Bd6 39. Ncd3 Bd7 40. Nxd7 Kxd7 41.
Kg2 Rf6 42. Ne5+ Bxe5 43. dxe5 Rf7 44. Rd1+ Ke8 45. Rd6 Rfd7 46. Rxe6+ Kf7 47.
Rexc6 Rxc6 48. Rxc6 Rd2+ 49. Kf3 Rb2 50. Rc7+ Kg8 51. Rxa7 Rxb4 52. e6 1-0